000 00444cam a2200169ua 4500
041 _aeng
_h
082 _a028.72633
_bCHA/RI
100 _aChatterjee, B N .
245 _aRice production technology manual /
_cB N Chatterjee.
_hTextual Documents
250 _a2 /
_b.
260 _aNew Delhi :
_bOxford & IBH Publishing company ,
_c1983.
300 _a143 ; .
504 _a
700 1 _aMalti, S .
942 _cBK
999 _c6778
_d6778